000 00280nam a22001217a 4500
008 180914b xxu||||| |||| 00| 0 eng d
041 _aeng
080 _a612.39
100 _a9
101 _aNUT
245 _aMicronutrients And Imune Functions
_cBendich.A
942 _2udc
_cBK
999 _c47754
_d47754